The eighth day : social evolution as the self-organization of energy /

Bibliographic Details
Main Author: Adams, Richard N. (Richard Newbold), 1924-2018
Format: Book
Language:English
Published: Austin, Tex. : University of Texas Press, 1988.
Edition:1st ed.
Subjects:

MARC

Tag First Indicator Second Indicator Subfields
LEADER 00000cam a2200000 a 4500
001 in00000018997
005 20210515063901.0
008 870804s1988 txua b s00110 eng
010 |a  87023295  
020 |a 0292720602 
020 |a 0292720610 (pbk.) 
035 |a (OCoLC)16645372 
035 |9 AAB4080AM 
040 |a DLC  |c DLC  |d TXA  |d UtOrBLW 
049 |a TXAM  |c [A11501846] 
050 0 0 |a GN360  |b .A32 1988 
082 0 |a 573.2  |2 19 
100 1 |a Adams, Richard N.  |q (Richard Newbold),  |d 1924-2018. 
245 1 4 |a The eighth day :  |b social evolution as the self-organization of energy /  |c Richard Newbold Adams. 
250 |a 1st ed. 
264 1 |a Austin, Tex. :  |b University of Texas Press,  |c 1988. 
300 |a xvii, 292 pages :  |b illustrations ;  |c 23 cm. 
336 |a text  |b txt  |2 rdacontent 
337 |a unmediated  |b n  |2 rdamedia 
338 |a volume  |b nc  |2 rdacarrier 
504 |a Bibliography: pages [243]-279. 
500 |a Includes index. 
650 0 |a Social evolution. 
650 0 |a Force and energy. 
650 0 |a Self-organizing systems. 
999 |a MARS 
999 f f |s be25ab6a-3bb0-3299-ac86-14c3978380dd  |i 26c8d58e-4098-39e5-b719-f84f4efa7a64  |t 0 
952 f f |p ric  |a Texas A&M University  |b Rellis Campus  |c Joint Library Facility  |d Remote Storage  |t 0  |e GN360 .A32 1988  |h Library of Congress classification  |i unmediated -- volume  |m A14811501846 
998 f f |a GN360 .A32 1988  |t 0  |l Remote Storage